000 00599nam a22001817a 4500
005 20130513144318.0
010 _aENG-107041
020 _a9788120777200
_c300.00
035 _aEN-90573
037 _bDBAD/PUB
082 _a641.59546
100 _aGanju, Chandramukhi
245 _aKashmiri Cuisine :
_cby Chandramukhi Ganju
_bkoshur saal-traditional, quick and easy recipes /
260 _aNew Delhi
_bSterling Paperbacks
_c2012
270 _aA-59, Okhla Industries Area, Phase-II
_bNew Delhi
_e110020
300 _a117p, :
_c23cm(pbk)
_bill.
942 _2ddc
_cEN
_mGAN
_h641.59546
999 _c75431
_d75431